Movies Quiz

Random Movies or Oscar Quiz

Best Picture(Oscar) Nominees 1927-1939 Quiz Stats

Quiz not verified by Sporcle

Challenge
Share
Tweet
Embed
Score 0/103 Timer 13:00
0 Plays Today
% Correct
It Happened One Night
94.9%
Wings
92.9%
The Life of Emile Zola
92.9%
Gone With the Wind
92.9%
Mutiny on the Bounty
92.3%
The Wizard of Oz
91.3%
All Quiet on the Western Front
90.8%
Grand Hotel
90.8%
Cavalcade
90.8%
The Great Ziegfeld
90.8%
The Broadway Melody
89.8%
Cimarron
88.3%
Mr. Smith Goes to Washington
87.8%
You Can't Take It With You
87.2%
Stagecoach
84.2%
Goodbye, Mr. Chips
80.6%
Captains Courageous
79.1%
Dark Victory
78.1%
Wuthering Heights
78.1%
Sunrise
77.6%
The Informer
77.6%
Jezebel
77.6%
Little Women
77%
Mr. Deeds Goes to Town
76.5%
Boys Town
76.5%
Ninotchka
76%
The Private Life of Henry VIII
75.5%
The Good Earth
75%
Alice Adams
74%
The Adventures of Robin Hood
74%
The Champ
73.5%
In Old Arizona
72.4%
Disraeli
72.4%
Top Hat
72.4%
Cleopatra
71.9%
% Correct
Broadway Melody of 1936
71.4%
The Story of Louis Pasteur
70.9%
Skippy
70.4%
I Am a Fugitive From a Chain Gang
70.4%
42nd Street
69.9%
Love Affair
69.9%
The Thin Man
69.4%
Dodsworth
69.4%
The Awful Truth
69.4%
Bad Girl
68.9%
Of Mice and Men
68.9%
The Front Page
68.4%
The Big House
67.9%
Lady for a Day
67.9%
Captain Blood
67.9%
A Star Is Born
67.9%
Pygmalion
67.9%
The Divorcee
67.3%
David Copperfield
67.3%
Stage Door
67.3%
Imitation of Life
66.8%
One Hour With You
66.3%
The Gay Divorcee
66.3%
Romeo and Juliet
66.3%
Lost Horizon
66.3%
7th Heaven
65.3%
The Love Parade
64.8%
The Smiling Lieutenant
64.8%
State Fair
64.8%
San Francisco
64.8%
Alexander's Ragtime Band
64.8%
Arrowsmith
64.3%
Ruggles of Red Gap
64.3%
Racket
63.3%
Trader Horn
63.3%
% Correct
Viva Villa!
63.3%
The Citadel
63.3%
A Farewell to Arms
62.8%
She Done Him Wrong
62.8%
In Old Chicago
62.8%
Alibi
62.2%
Five Star Final
62.2%
Smilin' Through
62.2%
Anthony Adverse
62.2%
A Tale of Two Cities
62.2%
One Night of Love
61.7%
Test Pilot
61.2%
East Lynne
60.7%
Shanghai Express
60.7%
The Patriot
60.2%
The Lives of a Bengal Lancer
60.2%
Hollywood Revue
59.2%
Libeled Lady
59.2%
Dead End
59.2%
Grand Illusion
59.2%
Crowd
58.2%
The Barretts of Wimpole Street
58.2%
Three Smart Girls
57.7%
Chang
57.1%
The White Parade
57.1%
Naughty Marietta
57.1%
Four Daughters
57.1%
The House of Rothschild
56.6%
Flirtation Walk
56.1%
Les Miserables
56.1%
One Hundred Men and a Girl
55.1%
A Midsummer's Nights Dream
54.6%
Here Comes the Navy
53.6%

You're not logged in!

Compare scores with friends on all Sporcle quizzes.
Join for Free
OR
Log In

You Might Also Like...

Show Comments

Extras

Top Quizzes Today


Score Distribution

Your Account Isn't Verified!

In order to create a playlist on Sporcle, you need to verify the email address you used during registration. Go to your Sporcle Settings to finish the process.

Report this User

Report this user for behavior that violates our Community Guidelines.

Details: